| 000 | 00795nam a22002537a 4500 | ||
|---|---|---|---|
| 001 | 0201004578 | ||
| 003 | DO-SdBNP | ||
| 005 | 20161213095304.0 | ||
| 007 | 0201004578 | ||
| 008 | 161213b 2007 ck a ||||| |||| 00| 0 spa d | ||
| 020 | _a8428507961 | ||
| 040 |
_aBPMSU _bspa _cBPMSU |
||
| 082 |
_axxxx _bxxxx |
||
| 110 | _bHuelva (Diócesis). Secretariado Diocesano de Catequesis. | ||
| 245 | 1 | 0 |
_aEl encuentro : _biniciación a la Penitencia y a la Eucaristía / _c[Francisco Echevarría ... et al.] |
| 250 | _a30ª ed. | ||
| 260 |
_aMadrid : _bPaulinas, _c1980. |
||
| 300 |
_a111 p. : _bil. ; _c24 cm. |
||
| 490 | 1 | _aCatecumenado infantil | |
| 700 | 1 | 2 | _aEchevarría, Francisco |
| 830 | 0 | _aCatecumenado infantil | |
| 942 |
_2ddc _cBK |
||
| 956 |
_2LOPEREZ _310 _620161213 _8BPMSU _a00041 |
||
| 999 |
_c12393 _d12393 |
||